| 000 | 00848nam a2200241 a 4500 | ||
|---|---|---|---|
| 001 | BRCA_55 | ||
| 005 | 20190320202850.0 | ||
| 008 | 970328s1997 sp-a---##b---#000-0#spa-# | ||
| 020 | _a8434465949 | ||
| 040 |
_aDLC _cDLC |
||
| 050 | 4 |
_aAM5 _b.A75 1997 |
|
| 100 | 1 |
_aBallart, Josep _d1954- _9257 |
|
| 245 | 1 | 0 |
_aEl patrimonio histórico y arqueológico _bvalor y uso _cJosep Ballart. |
| 260 |
_aEspaña _bAriel _c1997 |
||
| 300 |
_a268 p. _bil. _c23 cm. |
||
| 440 | 0 |
_aAriel patrimonio histórico _9258 |
|
| 500 | _aPresentado originalmente por el autor como tesis (Doctor)-Universidad de Barcelona, 1996. | ||
| 504 | _aBibliografía: p. 257-263 | ||
| 650 | 1 | 4 |
_aPatrimonio cultural _xProtección _9259 |
| 650 | 1 | 4 |
_aSitios Históricos _xConservación y restauración _9260 |
| 650 | 1 | 4 |
_aAntigüedades _xConservación y preservación _9261 |
| 942 |
_2lcc _cB |
||
| 999 |
_c55 _d55 |
||